O mobilite pracovnej sily v rámci SR
Základná štúdia mobility pracovnej sily v rámci SR ako dôsledok nerovnakej mzdovej hladiny jednotlivých okresoch Slovenska. Je ukázané, že neexistuje štatisticky významná korelácia medzi mzdami a migračným saldom, pričom vypočítané korelačné koeficienty mali záporné znamienko. Z tohto dôvodu je nutn...
Enregistré dans:
| Auteur principal: | |
|---|---|
| Autres auteurs: | |
| Format: | Chapitre de livre |
| Langue: | slovaque |
| Sujets: | |
| Tags: |
Pas de tags, Soyez le premier à ajouter un tag!
|
MARC
| LEADER | 00000nla$a2200000$$$4500 | ||
|---|---|---|---|
| 001 | 0090607 | ||
| 005 | 20240502072019.2 | ||
| 041 | 0 | |a slo | |
| 044 | |a SK | ||
| 245 | 1 | 0 | |a O mobilite pracovnej sily v rámci SR |c Martin Janotka, Vladimír Gazda |
| 520 | |a Základná štúdia mobility pracovnej sily v rámci SR ako dôsledok nerovnakej mzdovej hladiny jednotlivých okresoch Slovenska. Je ukázané, že neexistuje štatisticky významná korelácia medzi mzdami a migračným saldom, pričom vypočítané korelačné koeficienty mali záporné znamienko. Z tohto dôvodu je nutné skôr prijímať hypotézy o tom, že prílev pracovnej sily do regiónu znižuje regionálne mzdy a nie naopak, kedy sa predpokladá, že vysoká mzda v regióne vyvolá prílev pracovnej sily. | ||
| 610 | 2 | 0 | |a sily pracovné |
| 610 | 2 | 0 | |a mzdy |
| 610 | 2 | 0 | |a regióny |
| 610 | 2 | 0 | |a migrácia |
| 610 | 2 | 0 | |a Slovensko |
| 100 | 1 | |a Janotka, Martin, 1982- | |
| 700 | 1 | |a Gazda, Vladimír | |